000 00941cam a2200265 a 4500
001 2140579
003 OSt
005 20240424123627.0
008 980126s1998 nyua b 001 0 eng
010 _a 98004699
020 _a0387983279
040 _aDLC
_cDLC
_dDLC
050 0 0 _aQA377
_b.T9 1998
082 0 0 _a515 TVE 1998
_221
100 1 _aTveito, Aslak; Winther, Ragnar
_95423
245 1 0 _aIntroduction to Partial Differential Equations:
_ba computational approach
260 _aNew York;
_bSpringer,
_c1998.
300 _axv, 392 p. :
_bill. ;
_c24 cm.
440 0 _aTexts in applied mathematics ;
_v29
_95424
504 _aIncludes bibliographical references (p. [385]-387) and index.
650 0 _aDifferential equations
_9712
906 _a7
_bcbc
_corignew
_d1
_eocip
_f19
_gy-gencatlg
942 _2ddc
_cSLOAN
999 _c2092
_d2092